| 000 | 01483nam2a22003371 4500 | ||
|---|---|---|---|
| 001 | v19\rc\1545927 | ||
| 005 | 20110511132529.1 | ||
| 035 | _a(NLR Aleph) 005235385 | ||
| 090 |
_a5648809 _c5648809 |
||
| 100 | _a20060620e18931887|||y0rusy50 ba | ||
| 101 | 0 | _arus | |
| 102 | _aRU | ||
| 105 | _ay z ||||| | ||
| 200 | 0 |
_a[3] _eГл. XXXV-XLVIII _fСост.: проф. И.С. Якимов, Ф.Г. Елеонский, И.Г. Троицкий |
|
| 210 |
_aСанкт-Петербург _cтип. А. Катанского и К° _d1893 |
||
| 215 | _a[2], 531-768 с. | ||
| 225 | 1 |
_a... _vВып. 9 |
|
| 311 | _aНа обороте тит. л.: "Из Христ. чтения" за 1887-1893 г. | ||
| 461 | 0 |
_1001v19\rc\1545924 _12001#$aТолкование на книгу святого пророка Исайи$e[1-4]$v[3] |
|
| 488 | 0 | _12001#$aХристианское чтение$v1887-1893 | |
| 700 | 1 |
_aЯкимов _bИ. С. _f1847-1885 _gИван Степанович _4220 |
|
| 701 | 1 |
_aЕлеонский _bФ. Г. _f1836-1906 _gФедор Герасимович _3RU\NLR\AUTH\7785960 _4220 _7ca |
|
| 701 | 1 |
_aТроицкий _bИ. Г. _f1858-1929 _gИван Гаврилович _3RU\NLR\AUTH\7799303 _4220 _7ca |
|
| 801 | 0 |
_aRU _bNLR _c20060620 _gpsbo |
|
| 801 | 0 |
_aRU _bRuMoRGB _c20060620 _2psbo |
|
| 801 | 1 |
_aRU _bProSoft-M _c20060620 _2rusmarc |
|
| 801 | 2 |
_aRU _bNLR _c20100311 _2rusmarc |
|
| 852 |
_aNLR _j18.208.4.47 |
||
| 852 |
_aNLR _j6/209(Период.) |
||
| 942 | _cBOOK | ||
| 980 | _aNB | ||